| 000 | 00000nam##2200000za#4500 |
| 001 | 9.618506 |
| 003 | CaOODSP |
| 005 | 20210615102850 |
| 007 | ta |
| 008 | 150406|2007||||xxc||||| f|0| 0 eng|d |
| 020 | |a978-0-662-46958-2 |
| 040 | |aCaOODSP|beng |
| 043 | |an-cn--- |
| 086 | 1 |aFs22-4/71-2007E |
| 110 | 1 |aCanada. |bDepartment of Fisheries and Oceans. |
| 245 | 14|aThe Atlantic Walrus : |ba species at risk in the Arctic |
| 260 | |bFisheries and Oceans Canada |cc2007. |
| 300 | |a[2]p. : |billus., map ; |c22 cm. |
| 490 | 1 |aAquatic species at risk |
| 563 | |aPamphlet |
| 590 | |a09-42|b2009-10-16 |
| 690 | 07|aEndangered species|2gcpds |
| 775 | 08|tLe morse de l'Atlantique : |w(CaOODSP)9.627622 |
| 776 | 0#|tThe Atlantic Walrus : |w(CaOODSP)9.563262 |
| 830 | #0|aAquatic species at risk.|w(CaOODSP)9.515250 |
| 986 | |aDFO/2007-1363 |